000 00476nam a2200169Ia 4500
005 20240823043754.0
008 240823s9999||||xx |||||||||||||| ||und||
041 _aENGLISH
082 _A629.8312 Q2
100 _aRajesh R. et al.
245 0 _aProceedings of International Conference on Modeling Optimization and Computing ICMOC-2012
250 _a1st
260 _c2012
_bNICHE Mech Publica
500 _aTRANSFERED
650 _aICMOC 2012
_bMechanical
942 _cBK
999 _c210998
_d210998